000 00579nam a2200217 a 4500
001 14022
003 BD-JhCC
005 20240523142631.0
008 180101s19903010bg a|||| ||a| 000 0 eng d
035 _a(BD-JhCC)14022
040 _aBD-JhCC
_dBD-JhCC
041 _aeng
082 _a547
_bANA 2010
100 _a Anand, Astish
245 _aDictionary of Organic Chemistry /
_cAstish Anand , Raj Kumar
260 _aNew Delhi :
_bAnmol Publications PVT. LTD;
_c2010.
300 _a224 p. :
_c22 cm.
650 _aOrganic Chemistry
700 _a Kumar,Raj
942 _2ddc
_cBK
999 _c14022
_d14022